Dowódcy wojskowi - II wojna światowa - Statystyki

Ogólne statystyki
  • Ten quiz został rozwiązany 688 razy
  • Średni wynik to 7 z 15
Statystyki odpowiedzi
% Poprawnych
Niemiecki feldmarszałek. Był najmłodszym niemieckim feldmarszałkiem podczas II wojny światowej. Dowodził Afrika Korps – niemieckim korpusem ekspedycyjnym w Afryce. Wikipedia Erwin Rommel
85%
Amerykański generał okresu II wojny światowej znany ze swojego ciętego języka George Patton
76%
Polski wojskowy i polityk. Generał dywizji Polskich Sił Zbrojnych, dowódca Armii Polskiej w ZSRR oraz 2 Korpusu Polskiego. Naczelny Wódz Polskich Sił Zbrojnych na Zachodzie Władysław Anders
63%
Amerykański dowódca wojskowy, generał armii United States Army, uczestnik II wojny światowej, Naczelny Dowódca Alianckich Ekspedycyjnych Sił Zbrojnych, polityk, 34. prezydent Stanów Zjednoczonych Dwight Eisenhower
56%
Amerykański generał armii, dowódca armii alianckich na południowo-zachodnim teatrze działań na Pacyfiku podczas II wojny światowej. Uhonorowany najwyższym odznaczeniem wojskowym w Stanach Zjednoczonych – Medalem Honoru. Douglas MacArthur
52%
Niemiecki Grossadmiral, pierwotnie dowódca broni podwodnej III Rzeszy w latach 1935–1943, w latach 1943–1945 naczelny dowódca Kriegsmarine, a ostatecznie ostatni naczelny dowódca Wehrmachtu i prezydent Rzeszy. Karl Dönitz
45%
Generał pułkownik Wehrmachtu, Generalny Inspektor Wojsk Pancernych, szef sztabu Naczelnego Dowództwa Wojsk Lądowych, teoretyk wojskowości, autor sformułowanej w książce Achtung – Panzer! koncepcji „blitzkriegu” polegającej na toczeniu wojny metodą błyskawicznych ataków dużych związków pancernych wspieranych natarciem z powietrza. Heinz Guderian
43%
Polski i sowiecki żołnierz, dowódca, marszałek Polski i marszałek Związku Radzieckiego, dwukrotny Bohater Związku Radzieckiego, Konstanty Rokossowski
37%
Brytyjski dowódca wojskowy, marszałek polny British Army. We wrześniu 1942 zatrzymał atakujące wojska niemiecko-włoskie pod Alam el-Halfa, a w listopadzie dysponując znaczną przewagą liczebną zwyciężył w II bitwie pod El Alamein. Bernard Law Montgomery
36%
Generał dywizji Wojska Polskiego, dowódca Armii „Poznań” podczas kampanii wrześniowej. Tadeusz Kutrzeba
36%
Radziecki dowódca wojskowy, uczestnik rewolucji październikowej, szef Sztabu Generalnego Armii Czerwonej, zastępca naczelnego wodza podczas II wojny światowej, marszałek Związku Radzieckiego Gieorgij Żukow
35%
Niemiecki feldmarszałek. Dowódca przeprowadzonych na dużą skalę strategicznych symulacji działań na froncie wschodnim. Współtwórca operacji „Barbarossa”. Dowódca 6. Armii Polowej, która zapisała się na kartach historii, dzięki krwawym bojom w Stalingradzie. Pierwszy niemiecki feldmarszałek, który podczas działań II wojny światowej skapitulował i dał się wziąć do niewoli. Friedrich Paulus
33%
Japoński admirał, jeden z najwybitniejszych dowódców Japońskiej Cesarskiej Marynarki Wojennej, uważany za znakomitego stratega. Zmarł w trakcie trwania wojny w 1943 r. Isoroku Yamamoto
33%
Polski wojskowy, prawnik i polityk. Podpułkownik piechoty Wojska Polskiego, generał broni ludowego Wojska Polskiego, dowódca 1 Dywizji Piechoty im. Tadeusza Kościuszki i 1 Armii WP, zastępca Naczelnego Dowódcy WP. Komendant Akademii Sztabu Generalnego. Zygmunt Berling
25%
Brytyjski arystokrata, wojskowy i polityk, marszałek polny British Army, jeden z najsłynniejszych brytyjskich dowódców okresu II wojny światowej, gubernator generalny Kanady i minister obrony Wielkiej Brytanii. Harold Alexander
7%
Nie znaleziono quizów pasujących do podanych kryteriów
Rozkład punktacji
Procent ludzi z każdym wynikiem
Percentyl według liczby udzielonych odpowiedzi
Twoja historia wyników
Nie rozwiązałeś tego quizu